000 00665nam a2200205 4500
001 132023
003 ES-MaACL
005 20230906194105.0
007 t|
008 070214s1956 sp r ||||1| spa d
100 1 _aRodríguez Ríos, Benito.
_998759
245 1 0 _aElectrolisis mediante descarga silenciosa /
_cBenito Rodríguez Ríos.
260 _aLa Laguna :
_bUniversidad, Facultad de Ciencias,
_c1956.
300 _a157 p. ;
_c23 cm.
490 1 _aTesis doctorales ;
_v2
710 2 _aUniversidad de La Laguna.
_bFacultad de Ciencias.
_97195
830 0 _aTesis doctorales ;
_v2
_9177408
852 _aES-MaACL
_jC-11882
_bR.40000
999 _c132023
_d132023